[Event "Muensterland Verbandsliga 0910"]
[Site "Germany"]
[Date "2010.03.06"]
[Round "7.3"]
[White "Graelken, Matthias"]
[Black "Wellen, Hendrik"]
[Result "1-0"]
[WhiteElo "2026"]
[BlackElo "2045"]
[PlyCount "91"]
[EventDate "2009.09.26"]
[EventType "team-tourn"]
[EventRounds "9"]
[EventCountry "GER"]
[SourceTitle "EXT 2011"]
[Source "ChessBase"]
[SourceDate "2010.11.26"]
[SourceVersion "1"]
[SourceVersionDate "2010.11.26"]
[SourceQuality "1"]
[WhiteTeam "Steinfurt"]
[BlackTeam "Heiden"]
[WhiteTeamCountry "GER"]
[BlackTeamCountry "GER"]

1. d4 Nf6 2. Nf3 g6 3. c4 Bg7 4. Nc3 d5 5. e3 0-0 6. cxd5 Nxd5 7. Bc4 Nb6 8. Bb3 Nc6 9. 0-0 e5 10. d5 Na5 11. e4 c6 12. Bg5 Qe8 13. Be3 Nxb3 14. axb3 Nd7 15. Bxa7 h6 16. Nd2 f5 17. Nc4 Rf6 18. f3 Qf8 19. Bf2 Rxa1 20. Qxa1 Qe8 21. Qa5 Bf8 22. Qc7 cxd5 23. exd5 Ra6 24. Nb5 Nf6 25. Ncd6 Qd7 26. Qxc8 Qxc8 27. Nxc8 Nxd5 28. Rd1 Nf4 29. Nc3 Bb4 30. Be3 g5 31. Kf1 Kf7 32. Nb6 Ne6 33. Nc4 Bxc3 34. bxc3 Kf6 35. Rd5 Ra1+ 36. Ke2 Ra2+ 37. Rd2 Ra6 38. Rd5 Ra2+ 39. Nd2 Ra6 40. Rb5 Rc6 41. c4 Rc7 42. Nb1 f4 43. Bf2 h5 44. Nc3 Kf5 45. Ne4 Nd8 46. Bb6 1-0

[Event "Muensterland Verbandsliga 0910"]
[Site "Germany"]
[Date "2010.01.16"]
[Round "5.3"]
[White "Webner, Dennis"]
[Black "Wellen, Hendrik"]
[Result "0-1"]
[WhiteElo "1912"]
[BlackElo "2045"]
[PlyCount "82"]
[EventDate "2009.09.26"]
[EventType "team-tourn"]
[EventRounds "9"]
[EventCountry "GER"]
[SourceTitle "EXT 2011"]
[Source "ChessBase"]
[SourceDate "2010.11.26"]
[SourceVersion "1"]
[SourceVersionDate "2010.11.26"]
[SourceQuality "1"]
[WhiteTeam "Nienberge"]
[BlackTeam "Heiden"]
[WhiteTeamCountry "GER"]
[BlackTeamCountry "GER"]

1. e4 Nf6 2. Nc3 e5 3. Nf3 Nc6 4. Bc4 Nxe4 5. Nxe4 d5 6. Bd3 dxe4 7. Bxe4 Bd6 8. d3 0-0 9. Ng5 h6 10. Qh5 Be7 11. Nh7 Re8 12. Bxh6 gxh6 13. Qxh6 Qd6 14. Qh5 Bf6 15. h4 Bg7 16. Ng5 Re7 17. 0-0-0 Qh6 18. Qf3 f6 19. Kb1 Nd4 20. Bd5+ Kf8 21. Qe3 fxg5 22. hxg5 Qd6 23. Be4 Be6 24. g6 Ke8 25. Rh7 Kd7 26. Rdh1 Rg8 27. c3 Nc6 28. f3 a5 29. g4 Kc8 30. Bf5 Kb8 31. Rd1 Qd5 32. c4 Qd6 33. Rc1 Nd4 34. Be4 Bd7 35. Qd2 Bc6 36. Qxa5 Nxf3 37. Rc3 Nd2+ 38. Kc2 Nxe4 39. Ra3 b6 40. Qa7+ Kc8 41. dxe4 Bxe4+ 0-1

[Event "NRW Class2 0809"]
[Site "Germany"]
[Date "2009.02.01"]
[Round "6.1"]
[White "Van Oosterom, Chiel"]
[Black "Wellen, Hendrik"]
[Result "1-0"]
[WhiteElo "2420"]
[BlackElo "2139"]
[PlyCount "85"]
[EventDate "2008.09.21"]
[EventType "team-tourn"]
[EventRounds "9"]
[EventCountry "GER"]
[SourceTitle "EXT 2010"]
[Source "ChessBase"]
[SourceDate "2010.11.25"]
[SourceVersion "1"]
[SourceVersionDate "2010.11.25"]
[SourceQuality "1"]
[WhiteTeam "Castrop Rauxel"]
[BlackTeam "Heiden"]
[WhiteTeamCountry "GER"]
[BlackTeamCountry "GER"]

1. e4 e5 2. Nf3 Nf6 3. Nxe5 d6 4. Nf3 Nxe4 5. d4 d5 6. Bd3 Be7 7. 0-0 Nc6 8. c4 Nb4 9. Be2 0-0 10. Nc3 Bf5 11. a3 Nxc3 12. bxc3 Nc6 13. Re1 Re8 14. cxd5 Qxd5 15. Bf4 Rac8 16. h3 Be4 17. Nd2 Bxg2 18. Bg4 Bh1 19. f3 Bh4 20. Rxe8+ Rxe8 21. Qb3 Qxb3 22. Nxb3 f5 23. Bh5 g6 24. Kxh1 gxh5 25. d5 Ne5 26. Nd4 Kf7 27. Rb1 Kf6 28. Rxb7 Nd3 29. Bxc7 Rg8 30. Nc6 Kg6 31. Ne5+ Nxe5 32. Bxe5 f4 33. Rb4 Re8 34. Re4 Bg3 35. Bc7 Rxe4 36. fxe4 h4 37. Bb8 a6 38. c4 Kf7 39. c5 Ke8 40. c6 Kd8 41. Be5 f3 42. Bxg3 hxg3 43. d6 1-0

[Event "Muensterland Verbandsliga 0708"]
[Site "Germany"]
[Date "2008.04.05"]
[Round "8.1"]
[White "Ottens, Stephan"]
[Black "Wellen, Hendrik"]
[Result "1-0"]
[WhiteElo "2234"]
[BlackElo "2104"]
[PlyCount "73"]
[EventDate "2007.09.08"]
[EventType "team"]
[EventRounds "9"]
[EventCountry "GER"]
[SourceTitle "EXT 2009"]
[Source "ChessBase"]
[SourceDate "2008.11.26"]
[SourceVersion "1"]
[SourceVersionDate "2008.11.26"]
[SourceQuality "1"]
[WhiteTeam "Rheine Klein Berlin"]
[BlackTeam "Heiden"]
[WhiteTeamCountry "GER"]
[BlackTeamCountry "GER"]

1. e4 e5 2. Nf3 Nf6 3. Nc3 Bb4 4. a3 Bxc3 5. dxc3 Nc6 6. Bc4 h6 7. h3 d6 8. Qd3 Qe7 9. Be3 Be6 10. Bxe6 Qxe6 11. c4 Nd7 12. 0-0-0 0-0-0 13. Nd2 Rhf8 14. g4 Nc5 15. Qc3 Qg6 16. f3 Ne6 17. Qb3 Qf6 18. c3 Nf4 19. Qa4 Nd3+ 20. Kb1 Nc5 21. Qc2 Ne6 22. b4 Ng5 23. Kb2 Qe7 24. Qa4 a6 25. Ka1 h5 26. b5 Nb8 27. Rb1 Ne6 28. Nb3 Nc5 29. Nxc5 dxc5 30. bxa6 Nxa6 31. Rxb7 Kxb7 32. Rb1+ Ka7 33. Rb5 Rd4 34. cxd4 exd4 35. Ra5 Qf6 36. Bg5 Qb6 37. Be7 1-0

[Event "Muensterland Verbandsliga 0708"]
[Site "Germany"]
[Date "2008.03.01"]
[Round "7.1"]
[White "Wellen, Hendrik"]
[Black "Funke, Reinhard"]
[Result "0-1"]
[WhiteElo "2104"]
[BlackElo "2236"]
[PlyCount "118"]
[EventDate "2007.09.08"]
[EventType "team"]
[EventRounds "9"]
[EventCountry "GER"]
[SourceTitle "EXT 2009"]
[Source "ChessBase"]
[SourceDate "2008.11.26"]
[SourceVersion "1"]
[SourceVersionDate "2008.11.26"]
[SourceQuality "1"]
[WhiteTeam "Heiden"]
[BlackTeam "Suedlohn"]
[WhiteTeamCountry "GER"]
[BlackTeamCountry "GER"]

1. e4 c5 2. Nf3 d6 3. d4 cxd4 4. Nxd4 Nf6 5. Nc3 Nc6 6. Bc4 Bd7 7. 0-0 g6 8. Bb3 Bg7 9. Be3 0-0 10. Qd2 Ng4 11. Nxc6 bxc6 12. Bg5 Be6 13. Kh1 Qd7 14. Rad1 h6 15. Bh4 Kh7 16. f4 Rad8 17. h3 Nf6 18. Qe3 Bxb3 19. axb3 d5 20. Qc5 Rfe8 21. e5 Nh5 22. Rf3 f6 23. exf6 exf6 24. Bf2 Ra8 25. Ra1 f5 26. Ra6 Re6 27. g3 d4 28. Rd3 Qb7 29. Ra1 dxc3 30. bxc3 Qe7 31. Qxe7 Rxe7 32. Ra6 Re2 33. Kg2 Rxc2 34. Rxc6 Re8 35. Kf3 Re7 36. Be3 Nf6 37. Rdd6 Ne4 38. Rxg6 Nd2+ 39. Bxd2 Rxd2 40. Rge6 Rd3+ 41. Kg2 Rxe6 42. Rxe6 Rxc3 43. Re7 a5 44. Rb7 Rc5 45. g4 Kg6 46. Kg3 Bf6 47. Rb6 Rd5 48. Kf3 Rd3+ 49. Kg2 Rd4 50. Ra6 fxg4 51. hxg4 Rxf4 52. Kg3 Rb4 53. Rxa5 Rxb3+ 54. Kf4 Bg5+ 55. Ke4 Re3+ 56. Kd5 Bf6 57. Ra4 Kg5 58. Rc4 Rg3 59. Ke6 Rxg4 0-1

[Event "GER-chT KG-33 email"]
[Site "GER email"]
[Date "2007.10.25"]
[Round "?"]
[White "Wellen, Hendrik"]
[Black "Betzelt, Thomas"]
[Result "1/2-1/2"]
[WhiteElo "2000"]
[BlackElo "2504"]
[PlyCount "138"]
[EventDate "2007.??.??"]
[EventType "tourn (corr)"]
[EventRounds "6"]
[EventCountry "GER"]
[SourceTitle "Corr 2011"]
[Source "ChessBase"]
[SourceDate "2010.08.31"]
[SourceVersion "1"]
[SourceVersionDate "2010.08.31"]
[SourceQuality "1"]

1. e4 c5 2. Nf3 d6 3. d4 cxd4 4. Nxd4 Nf6 5. Nc3 a6 6. Bg5 e6 7. f4 Nbd7 8. Qf3 Qc7 9. 0-0-0 b5 10. Bd3 Bb7 11. Rhe1 Qb6 12. Nd5 Qxd4 13. Bxf6 gxf6 14. Bxb5 Qc5 15. b4 Qxb5 16. Nc7+ Ke7 17. Nxb5 axb5 18. Qd3 Ra6 19. Qxb5 Rb6 20. Qd3 Bh6 21. g3 Ra8 22. a3 Kf8 23. Rd2 Kg8 24. h4 Bf8 25. Re3 Ba6 26. Qd4 Bb5 27. g4 Bg7 28. Rg2 Rba6 29. f5 Ne5 30. Rgg3 Bh6 31. g5 fxg5 32. hxg5 Bg7 33. f6 Bf8 34. Rc3 Be2 35. Qf2 Bh5 36. b5 Ra5 37. b6 Rb8 38. Rb3 Bg6 39. Rgc3 Bxe4 40. b7 Rxb7 41. Rxb7 Bxb7 42. Qb6 Rxa3 43. Rxa3 Nc4 44. Qa7 Nxa3 45. Qxa3 Be4 46. c4 Bf5 47. Qe3 Bg4 48. Kb2 Bf5 49. Kc3 Bg4 50. Kb4 Bf5 51. Kb5 Bc2 52. Kc6 Ba4+ 53. Kc7 Bc2 54. Kd8 Bf5 55. Ke8 Bc2 56. Qa7 Bg6 57. Qb7 Bh5 58. Qc7 Bg6 59. Qa7 Bh5 60. g6 Bxg6 61. Qe3 Bf5 62. Qg5+ Bg6 63. Qg3 d5 64. cxd5 exd5 65. Qe5 h6 66. Qf4 d4 67. Qxd4 Ba3 68. Qc3 Bd6 69. Qd2 Bf8 1/2-1/2

[Event "GER-chT KG-33 email"]
[Site "GER email"]
[Date "2007.10.25"]
[Round "?"]
[White "Wellen, Hendrik"]
[Black "Schindler, Sven"]
[Result "1-0"]
[WhiteElo "2000"]
[BlackElo "2198"]
[PlyCount "111"]
[EventDate "2007.??.??"]
[EventType "tourn (corr)"]
[EventRounds "6"]
[EventCountry "GER"]
[SourceTitle "Corr 2011"]
[Source "ChessBase"]
[SourceDate "2010.08.31"]
[SourceVersion "1"]
[SourceVersionDate "2010.08.31"]
[SourceQuality "1"]

1. e4 e6 2. d4 d5 3. Nc3 Nf6 4. Bg5 Bb4 5. e5 h6 6. Bd2 Bxc3 7. bxc3 Ne4 8. Qg4 g6 9. Bd3 Nxd2 10. Kxd2 c5 11. h4 Bd7 12. h5 g5 13. f4 Nc6 14. fxg5 Qa5 15. dxc5 Rg8 16. Nf3 0-0-0 17. g6 Be8 18. Rab1 d4 19. Rb3 dxc3+ 20. Ke2 Qxc5 21. Rb5 Qe7 22. Rb3 Qc5 23. Qc4 Qxc4 24. Bxc4 Na5 25. Rxc3 Kb8 26. Bd3 fxg6 27. hxg6 Bxg6 28. Kf2 Bxd3 29. Rxd3 Rxd3 30. cxd3 Rg6 31. Nd4 Kc7 32. Ne2 Kd7 33. d4 Nc6 34. Kf3 Ke7 35. Rh4 a6 36. Nf4 Rg5 37. Ke4 h5 38. Rh3 Kf7 39. Rb3 Nd8 40. Rb6 h4 41. Rd6 Rg8 42. a3 a5 43. a4 Rh8 44. Rd7+ Ke8 45. Rg7 Rh6 46. Rc7 h3 47. gxh3 Rh4 48. Kf3 Nc6 49. Kg3 Rh6 50. Kg4 Kd8 51. Rxb7 Kc8 52. Rf7 Nxd4 53. h4 Rh8 54. h5 Nc6 55. Ng6 Rg8 56. Kf4 1-0

[Event "Muensterland Verbandsliga 0708"]
[Site "Germany"]
[Date "2007.10.13"]
[Round "2.1"]
[White "Weber, Hubert"]
[Black "Wellen, Hendrik"]
[Result "0-1"]
[WhiteElo "1968"]
[BlackElo "2104"]
[PlyCount "88"]
[EventDate "2007.09.08"]
[EventType "team"]
[EventRounds "9"]
[EventCountry "GER"]
[SourceTitle "EXT 2009"]
[Source "ChessBase"]
[SourceDate "2008.11.26"]
[SourceVersion "1"]
[SourceVersionDate "2008.11.26"]
[SourceQuality "1"]
[WhiteTeam "Olfen"]
[BlackTeam "Heiden"]
[WhiteTeamCountry "GER"]
[BlackTeamCountry "GER"]

1. Nf3 d5 2. d4 Nf6 3. c4 c6 4. cxd5 cxd5 5. Nc3 Nc6 6. g3 a6 7. Bg2 g6 8. Ne5 Bg7 9. Nxc6 bxc6 10. 0-0 0-0 11. e3 Bf5 12. Qa4 Qb6 13. Qa3 Rfe8 14. Bd2 Nd7 15. Na4 Qb5 16. Rfc1 e5 17. Bf1 Qb7 18. dxe5 Bxe5 19. Bc3 a5 20. Nc5 Nxc5 21. Qxc5 Bxc3 22. Qxc3 Rec8 23. a3 c5 24. Qe5 Rab8 25. Bg2 Be6 26. Rab1 a4 27. h4 Qc7 28. Qf6 Qd8 29. Qxd8+ Rxd8 30. Rxc5 d4 31. exd4 Rxd4 32. Bc6 Ba2 33. Rbc1 Rxb2 34. R5c2 Rxc2 35. Rxc2 Bb3 36. Re2 Rd1+ 37. Kg2 Ra1 38. Re8+ Kg7 39. Ra8 Rxa3 40. g4 h6 41. g5 hxg5 42. hxg5 Ra1 43. Ra7 a3 44. Rb7 Be6 0-1

[Event "Muensterland Verbandsliga 0607"]
[Site "Germany"]
[Date "2007.01.27"]
[Round "5.2"]
[White "Wellen, Hendrik"]
[Black "Winking, Hendrik"]
[Result "0-1"]
[WhiteElo "2104"]
[BlackElo "1889"]
[PlyCount "96"]
[EventDate "2006.09.16"]
[EventType "team"]
[EventRounds "9"]
[EventCountry "GER"]
[SourceTitle "EXT 2008"]
[Source "ChessBase"]
[SourceDate "2007.11.25"]
[SourceVersion "1"]
[SourceVersionDate "2007.11.25"]
[SourceQuality "1"]
[WhiteTeam "Heiden"]
[BlackTeam "Stadtlohn"]
[WhiteTeamCountry "GER"]
[BlackTeamCountry "GER"]

1. Nf3 Nf6 2. c4 d6 3. g3 e5 4. d3 c5 5. Bg2 h6 6. Nc3 Be7 7. 0-0 0-0 8. Rb1 Nc6 9. a3 a5 10. Bd2 Be6 11. Qb3 Rb8 12. e3 b6 13. Ne1 Qc8 14. Qa4 Bd7 15. Qd1 Bh3 16. Qf3 Bxg2 17. Qxg2 Qd7 18. Nc2 Rfd8 19. e4 Na7 20. a4 Rf8 21. b3 Nc6 22. Nb5 Nh7 23. Ne3 g6 24. Nd5 Kg7 25. f4 Bd8 26. f5 g5 27. Qh3 Nf6 28. Nxf6 Bxf6 29. Qh5 Rh8 30. Kf2 Rbg8 31. Nc3 Ne7 32. Nd1 Kf8 33. Ne3 Bg7 34. Ke1 f6 35. h3 Qe8 36. Qe2 h5 37. Ng2 Bh6 38. Be3 Nc6 39. Qd2 Qf7 40. Nh4 gxh4 41. Bxh6+ Ke7 42. gxh4 Rg3 43. Be3 Nb4 44. Rh1 Rxe3+ 45. Qxe3 Nc2+ 46. Kf2 Nxe3 47. Kxe3 Rg8 48. Rbg1 Qh7 0-1

[Event "Muensterland Verbandsliga 0607"]
[Site "Germany"]
[Date "2006.10.28"]
[Round "2.2"]
[White "Beckmann, Klaus2222"]
[Black "Wellen, Hendrik"]
[Result "1/2-1/2"]
[WhiteElo "2155"]
[BlackElo "2104"]
[PlyCount "21"]
[EventDate "2006.09.16"]
[EventType "team"]
[EventRounds "9"]
[EventCountry "GER"]
[SourceTitle "EXT 2008"]
[Source "ChessBase"]
[SourceDate "2007.11.25"]
[SourceVersion "1"]
[SourceVersionDate "2007.11.25"]
[SourceQuality "1"]
[WhiteTeam "Neuenkirchen"]
[BlackTeam "Heiden"]
[WhiteTeamCountry "GER"]
[BlackTeamCountry "GER"]

1. e4 e5 2. Nf3 Nf6 3. Nxe5 d6 4. Nf3 Nxe4 5. Qe2 Qe7 6. d3 Nf6 7. Bg5 Qxe2+ 8. Bxe2 Be7 9. Nbd2 h6 10. Bh4 Nc6 11. c3 1/2-1/2

[Event "Muensterland Verbandsliga 0506"]
[Site "Germany"]
[Date "2006.03.11"]
[Round "8.2"]
[White "Emunds, Hans Georg"]
[Black "Wellen, Hendrik"]
[Result "1/2-1/2"]
[WhiteElo "2227"]
[BlackElo "2115"]
[PlyCount "126"]
[EventDate "2005.08.27"]
[EventType "team"]
[EventRounds "9"]
[EventCountry "GER"]
[SourceTitle "EXT 2006"]
[Source "ChessBase"]
[SourceDate "2005.11.24"]
[SourceVersion "1"]
[SourceVersionDate "2005.11.24"]
[SourceQuality "1"]
[WhiteTeam "Muenster II"]
[BlackTeam "Heiden"]
[WhiteTeamCountry "GER"]
[BlackTeamCountry "GER"]

1. e4 e5 2. Nf3 Nc6 3. Bb5 Nf6 4. 0-0 Nxe4 5. d4 Nd6 6. Bxc6 dxc6 7. dxe5 Nf5 8. Qxd8+ Kxd8 9. Nc3 h6 10. h3 Bd7 11. Bf4 Kc8 12. Rad1 b6 13. Ne2 Be7 14. Ned4 Nxd4 15. Nxd4 c5 16. e6 Ba4 17. b3 cxd4 18. bxa4 Bf6 19. exf7 Rf8 20. Rfe1 Rxf7 21. Be5 Bxe5 22. Rxe5 Rd7 23. a5 Kb7 24. Kf1 Rad8 25. Ke2 Rd5 26. Rxd5 Rxd5 27. axb6 axb6 28. Kd3 Re5 29. Rd2 c5 30. a4 Re1 31. c3 dxc3 32. Kxc3 Kc6 33. Ra2 Re7 34. Kb3 Rd7 35. Kc3 Kb7 36. Re2 Ka6 37. Re4 Ka5 38. Rg4 Rf7 39. f3 g5 40. Re4 Rf4 41. h4 Rf5 42. hxg5 hxg5 43. Kb3 Rd5 44. Rg4 Rd3+ 45. Kb2 Rd5 46. Kb3 Rf5 47. Rc4 Ka6 48. Re4 Rf4 49. Rc4 Ka5 50. Re4 b5 51. axb5 Kxb5 52. Kc3 Kc6 53. Re6+ Kd5 54. Rg6 Rf5 55. Rg8 Ke5 56. Re8+ Kd5 57. Kd3 Re5 58. Rxe5+ Kxe5 59. g3 Kd5 60. Kc3 c4 61. f4 gxf4 62. gxf4 Ke4 63. Kxc4 Kxf4 1/2-1/2

[Event "Lippe Cup 02nd"]
[Site "Lieme"]
[Date "2005.10.09"]
[Round "4"]
[White "Wellen, Hendrik"]
[Black "Doell, Detlef"]
[Result "0-1"]
[WhiteElo "2115"]
[BlackElo "2131"]
[PlyCount "108"]
[EventDate "2005.10.07"]
[EventType "swiss"]
[EventRounds "5"]
[EventCountry "GER"]
[SourceTitle "EXT 2012"]
[Source "ChessBase"]
[SourceDate "2011.11.24"]
[SourceVersion "1"]
[SourceVersionDate "2011.11.24"]
[SourceQuality "1"]

1. e4 c5 2. Nf3 d6 3. d4 cxd4 4. Nxd4 Nf6 5. Nc3 a6 6. Bg5 e6 7. f4 Qb6 8. Qd2 Qxb2 9. Rb1 Qa3 10. f5 Qc5 11. fxe6 fxe6 12. Be2 Be7 13. Be3 Qc7 14. 0-0 0-0 15. Bf3 Nc6 16. Nxc6 bxc6 17. e5 dxe5 18. Ne4 Nd5 19. Bf2 Rb8 20. c4 Nf4 21. Be3 Rxb1 22. Rxb1 c5 23. Qb2 Qa5 24. Rd1 Nd3 25. Qb3 Nb4 26. Nc3 Qc7 27. Be4 Nc6 28. Bxc6 Qxc6 29. Qa4 Bb7 30. Qxc6 Bxc6 31. Rb1 Rd8 32. Rb6 Rd3 33. Rxc6 Rxc3 34. Kf2 Kf7 35. Rxa6 Rxc4 36. Ra7 Kf6 37. h4 h6 38. Kf3 Rxh4 39. g4 Rh3+ 40. Kf2 c4 41. Rc7 Rh2+ 42. Kf3 Rxa2 43. Rxc4 Rb2 44. Ke4 Rb4 45. Rxb4 Bxb4 46. Bc1 Bd6 47. Kf3 Kg6 48. Be3 h5 49. Kg3 e4+ 50. Kh3 Be7 51. Kg3 Bg5 52. Bd4 h4+ 53. Kg2 Bd2 54. Kh3 e3 0-1

[Event "Muensterland Verbandsliga 0405"]
[Site "Muensterland"]
[Date "2005.05.07"]
[Round "9.2"]
[White "Ommen, Tobias"]
[Black "Wellen, Hendrik"]
[Result "1/2-1/2"]
[WhiteElo "1953"]
[BlackElo "1995"]
[PlyCount "21"]
[EventDate "2004.09.18"]
[EventType "team"]
[EventRounds "9"]
[EventCountry "GER"]
[SourceTitle "EXT 2006"]
[Source "ChessBase"]
[SourceDate "2005.11.24"]
[SourceVersion "1"]
[SourceVersionDate "2005.11.24"]
[SourceQuality "1"]
[WhiteTeam "Olfen"]
[BlackTeam "Heiden"]
[WhiteTeamCountry "GER"]
[BlackTeamCountry "GER"]

1. e4 c5 2. Nc3 Nc6 3. g3 g6 4. Bg2 Bg7 5. d3 d6 6. Be3 e6 7. Qd2 Nge7 8. Bh6 0-0 9. h4 d5 10. h5 f5 11. Bxg7 1/2-1/2

[Event "Muensterland Verbandsliga 0405"]
[Site "Muensterland"]
[Date "2005.04.16"]
[Round "8.2"]
[White "Wellen, Hendrik"]
[Black "Doennebrink, Elmar"]
[Result "0-1"]
[WhiteElo "1995"]
[BlackElo "2053"]
[PlyCount "98"]
[EventDate "2004.09.18"]
[EventType "team"]
[EventRounds "9"]
[EventCountry "GER"]
[SourceTitle "EXT 2006"]
[Source "ChessBase"]
[SourceDate "2005.11.24"]
[SourceVersion "1"]
[SourceVersionDate "2005.11.24"]
[SourceQuality "1"]
[WhiteTeam "Heiden"]
[BlackTeam "Suedlohn"]
[WhiteTeamCountry "GER"]
[BlackTeamCountry "GER"]

1. e4 c5 2. Nf3 d6 3. d4 cxd4 4. Nxd4 Nf6 5. Nc3 g6 6. Be3 Bg7 7. f3 Nc6 8. Qd2 0-0 9. Bc4 Bd7 10. h4 Rc8 11. Bb3 Ne5 12. 0-0-0 Nc4 13. Bxc4 Rxc4 14. h5 Qc7 15. hxg6 fxg6 16. Nb3 Rc8 17. Bd4 b5 18. Kb1 b4 19. Nd5 Rxd4 20. Nxe7+ Kf7 21. Nxd4 Kxe7 22. g4 Qc4 23. Nb3 Kf7 24. e5 dxe5 25. g5 Bf5 26. gxf6 Bxf6 27. Rc1 h5 28. Ka1 e4 29. fxe4 Qxe4 30. Rhe1 Qc4 31. Qf2 Rc7 32. Nd2 Qd5 33. Nb3 a5 34. Red1 Qe5 35. Qd4 Qxd4 36. Nxd4 Bxd4 37. Rxd4 Rxc2 38. Rxc2 Bxc2 39. b3 Ke6 40. Kb2 Bf5 41. Kc1 g5 42. Kd1 h4 43. Ke2 Ke5 44. Rd2 g4 45. Kf2 Kf4 46. Rd4+ Be4 47. Rd8 g3+ 48. Kg1 h3 49. Rf8+ Ke3 0-1

[Event "Muensterland Verbandsliga 0405"]
[Site "Muensterland"]
[Date "2005.02.19"]
[Round "6.2"]
[White "Schneider, Manfred"]
[Black "Wellen, Hendrik"]
[Result "0-1"]
[WhiteElo "1953"]
[BlackElo "1995"]
[PlyCount "54"]
[EventDate "2004.09.18"]
[EventType "team"]
[EventRounds "9"]
[EventCountry "GER"]
[SourceTitle "EXT 2006"]
[Source "ChessBase"]
[SourceDate "2005.11.24"]
[SourceVersion "1"]
[SourceVersionDate "2005.11.24"]
[SourceQuality "1"]
[WhiteTeam "Muenster III"]
[BlackTeam "Heiden"]
[WhiteTeamCountry "GER"]
[BlackTeamCountry "GER"]

1. e4 c5 2. Nc3 Nc6 3. g3 g6 4. Bg2 Bg7 5. d3 e6 6. Be3 b6 7. Nge2 Nge7 8. Qd2 Nd4 9. e5 Ndc6 10. f4 d5 11. exd6 Qxd6 12. d4 cxd4 13. Nb5 Qd7 14. Bxd4 Nxd4 15. Nexd4 Rb8 16. Qb4 0-0 17. 0-0-0 Nd5 18. Qa3 a6 19. Nd6 Rd8 20. Nxc8 Qxc8 21. Rhe1 Qc5 22. Qxc5 bxc5 23. Nb3 c4 24. Nd4 Nb4 25. c3 Nd3+ 26. Rxd3 cxd3 27. Nf3 d2+ 0-1

[Event "Muensterland Verbandsliga 0405"]
[Site "Muensterland"]
[Date "2004.10.09"]
[Round "2.2"]
[White "Terwey, Matthias"]
[Black "Wellen, Hendrik"]
[Result "0-1"]
[WhiteElo "2037"]
[BlackElo "1995"]
[PlyCount "56"]
[EventDate "2004.09.18"]
[EventType "team"]
[EventRounds "9"]
[EventCountry "GER"]
[SourceTitle "EXT 2006"]
[Source "ChessBase"]
[SourceDate "2005.11.24"]
[SourceVersion "1"]
[SourceVersionDate "2005.11.24"]
[SourceQuality "1"]
[WhiteTeam "Muenster II"]
[BlackTeam "Heiden"]
[WhiteTeamCountry "GER"]
[BlackTeamCountry "GER"]

1. Nf3 d5 2. c4 c6 3. e3 Nf6 4. d4 e6 5. Nc3 Nbd7 6. Bd3 dxc4 7. Bxc4 b5 8. Bd3 a6 9. 0-0 Bb7 10. a4 b4 11. Nb1 c5 12. Nbd2 Be7 13. Nc4 0-0 14. Re1 Ne4 15. Nfe5 Nxe5 16. dxe5 f5 17. Qc2 Qe8 18. f3 Ng5 19. Qe2 Rd8 20. e4 fxe4 21. Bxg5 exf3 22. gxf3 Bxf3 23. Bxh7+ Kxh7 24. Qc2+ Kg8 25. Bxe7 Qxe7 26. Qg6 Rf5 27. h4 Qxh4 28. Qxe6+ Kh8 0-1

[Event "Muensterland Verbandsklasse-B 0304"]
[Site "Germany"]
[Date "2004.02.14"]
[Round "6.2"]
[White "Wellen, Hendrik"]
[Black "Janning, Rainer"]
[Result "1-0"]
[WhiteElo "1968"]
[BlackElo "1849"]
[PlyCount "53"]
[EventDate "2003.09.20"]
[EventType "team"]
[EventRounds "9"]
[EventCountry "GER"]
[SourceTitle "EXT 2005"]
[Source "ChessBase"]
[SourceDate "2004.11.15"]
[SourceVersion "1"]
[SourceVersionDate "2004.11.15"]
[SourceQuality "1"]
[WhiteTeam "Heiden"]
[BlackTeam "Steinfurt"]
[WhiteTeamCountry "GER"]
[BlackTeamCountry "GER"]

1. e4 c6 2. d4 d5 3. e5 Bf5 4. Nc3 e6 5. g4 Bg6 6. Nge2 Bb4 7. a3 Ba5 8. b4 Bb6 9. Be3 Nd7 10. h4 h6 11. Nf4 Ne7 12. h5 Bh7 13. Bd3 Bxd3 14. Qxd3 a5 15. Ke2 Nxe5 16. dxe5 d4 17. Ne4 dxe3 18. Nd6+ Kf8 19. c4 exf2 20. Qf3 Kg8 21. Ng6 fxg6 22. Qf7+ Kh7 23. hxg6+ Nxg6 24. Rxh6+ Kxh6 25. Rh1+ Qh4 26. Rxh4+ Nxh4 27. Qh5# 1-0

[Event "Muensterland Verbandsklasse-A 0203"]
[Site "Muensterland"]
[Date "2003.05.03"]
[Round "9.1"]
[White "Schugal, Michael"]
[Black "Wellen, Hendrik"]
[Result "1/2-1/2"]
[WhiteElo "2146"]
[BlackElo "1899"]
[PlyCount "69"]
[EventDate "2002.09.28"]
[EventType "team"]
[EventRounds "9"]
[EventCountry "GER"]
[SourceTitle "EXT 2004"]
[Source "ChessBase"]
[SourceDate "2003.11.25"]
[SourceVersion "1"]
[SourceVersionDate "2003.11.25"]
[SourceQuality "1"]
[WhiteTeam "Muenster SK III"]
[BlackTeam "Heiden II"]
[WhiteTeamCountry "GER"]
[BlackTeamCountry "GER"]

1. c4 e6 2. g3 Nf6 3. Bg2 d5 4. Nf3 Be7 5. d4 0-0 6. Qc2 Nbd7 7. 0-0 c6 8. b3 b6 9. Rd1 Bb7 10. Nc3 Rc8 11. e4 dxe4 12. Ng5 Qe8 13. Ngxe4 Nxe4 14. Nxe4 Nf6 15. Bb2 Rc7 16. Rd2 Qc8 17. Rad1 Re8 18. Re2 Nxe4 19. Bxe4 h6 20. Bh7+ Kf8 21. Qe4 Bf6 22. Qf4 Bg5 23. Qf3 c5 24. d5 Rce7 25. h4 exd5 26. Rxe7 Bxe7 27. cxd5 Bd6 28. Bf5 Qc7 29. Qd3 Qe7 30. Kf1 Qd8 31. Bg4 Kg8 32. Bf3 Qc8 33. Kg2 Qd7 34. Qc4 Bc8 35. Rh1 1/2-1/2